00398 a2200121 4500001000900000005001700009008004100026245005900067100003000126700003200156773007100188999001700259ART_750920260410161720.0260409a 10aLa Auditoría ambiental, un nuevo enfoque profesional1 aFronti de García, Luisa1 aD´Onofrio, Paula Alejandra0 tContabilidad y auditoríag- Año 9, Nº 18 (dic. 2003)wREV1723 c16878d16878